[Event "GER-chB U25"]
[Site "Oberhof"]
[Date "2011.06.14"]
[Round "6"]
[White "Hoffmann, Rasmus"]
[Black "Michalowski, Sophia"]
[Result "1/2-1/2"]
[WhiteElo "990"]
[BlackElo "1014"]
[PlyCount "47"]
[EventDate "2011.06.11"]
[EventType "swiss"]
[EventRounds "9"]
[EventCountry "GER"]
[SourceTitle "CBM 142 Extra"]
[Source "ChessBase"]
[SourceDate "2011.06.27"]
[SourceVersion "1"]
[SourceVersionDate "2011.06.27"]
[SourceQuality "1"]

1. e4 d5 2. Nc3 d4 3. Nce2 e5 4. Ng3 Nc6 5. Bc4 Nf6 6. d3 Na5 7. Bb3 Nxb3 8. axb3 Bb4+ 9. Bd2 Bxd2+ 10. Qxd2 0-0 11. N1e2 Bd7 12. 0-0 Qe7 13. Nf5 Bxf5 14. exf5 Nh5 15. Ng3 Nf4 16. Ne4 Qd7 17. f6 Qg4 18. g3 Ne2+ 19. Kg2 Nf4+ 20. Kg1 Ne2+ 21. Kg2 Nf4+ 22. Kg1 Ne2+ 23. Kg2 Nf4+ 24. Kg1 1/2-1/2

[Event "GER-chB U25"]
[Site "Oberhof"]
[Date "2011.06.14"]
[Round "4"]
[White "Michalowski, Sophia"]
[Black "Jansen, Nina"]
[Result "1/2-1/2"]
[WhiteElo "1014"]
[BlackElo "1478"]
[PlyCount "64"]
[EventDate "2011.06.11"]
[EventType "swiss"]
[EventRounds "9"]
[EventCountry "GER"]
[SourceTitle "CBM 142 Extra"]
[Source "ChessBase"]
[SourceDate "2011.06.27"]
[SourceVersion "1"]
[SourceVersionDate "2011.06.27"]
[SourceQuality "1"]

1. d4 d5 2. e3 Bd7 3. f4 Nf6 4. Bd3 Nc6 5. Nd2 e6 6. Ngf3 Nb4 7. Qe2 Bd6 8. 0-0 0-0 9. c3 Nxd3 10. Qxd3 c5 11. Ne5 c4 12. Qe2 b5 13. e4 Re8 14. Nxd7 Nxd7 15. e5 Bc7 16. Qh5 Nf8 17. f5 exf5 18. Qxf5 Qd7 19. Qg5 Bd8 20. Qe3 Ng6 21. b3 Qg4 22. h3 Bg5 23. hxg4 Bxe3+ 24. Kh1 Bxd2 25. Bxd2 a5 26. bxc4 bxc4 27. Bc1 Kf8 28. Ba3+ Kg8 29. Bd6 h6 30. Rab1 Re6 31. Rb7 f6 32. a4 Kh8 1/2-1/2

[Event "GER-chT U14 Girls"]
[Site "Gross Doelln"]
[Date "2010.12.27"]
[Round "1.3"]
[White "Michalowski, Sophia"]
[Black "Hinzke, Anna Lena"]
[Result "0-1"]
[WhiteElo "997"]
[BlackElo "1068"]
[PlyCount "62"]
[EventDate "2010.12.27"]
[EventType "team-swiss"]
[EventRounds "7"]
[EventCountry "GER"]
[SourceTitle "CBM 140 Extra"]
[Source "ChessBase"]
[SourceDate "2011.03.01"]
[SourceVersion "1"]
[SourceVersionDate "2011.03.01"]
[SourceQuality "1"]
[WhiteTeam "Uttenreuth"]
[BlackTeam "Oesede Georgsmarienhuette"]
[WhiteTeamCountry "GER"]
[BlackTeamCountry "GER"]

1. d4 e6 2. e4 d5 3. e5 c5 4. c3 Nc6 5. Nf3 Qb6 6. Be3 Qxb2 7. Nbd2 Qxc3 8. Rc1 Qa5 9. a4 c4 10. Be2 c3 11. Nb3 Qxa4 12. Rxc3 Bb4 13. Bd2 Bxc3 14. Bxc3 Nh6 15. 0-0 0-0 16. Qc2 Nb4 17. Bxb4 Qxb4 18. Ng5 g6 19. Nf3 Bd7 20. Nc5 Rac8 21. Rb1 Qa5 22. Rxb7 Ba4 23. Qc1 Nf5 24. Qa3 Nxd4 25. Nxd4 Rxc5 26. h3 Qe1+ 27. Kh2 Rfc8 28. Qxa4 Qxf2 29. Qd7 Qf4+ 30. Kg1 Rc1+ 31. Bf1 Rxf1# 0-1

[Event "GER-ch U14 DEM op"]
[Site "Oberhof"]
[Date "2010.05.27"]
[Round "5"]
[White "Kravets, Nazar"]
[Black "Michalowski, Sophia"]
[Result "1-0"]
[WhiteElo "810"]
[BlackElo "956"]
[PlyCount "121"]
[EventDate "2010.05.23"]
[EventType "swiss"]
[EventRounds "7"]
[EventCountry "GER"]
[SourceTitle "CBM 136 Extra"]
[Source "ChessBase"]
[SourceDate "2010.07.02"]
[SourceVersion "2"]
[SourceVersionDate "2010.07.15"]
[SourceQuality "1"]

1. e4 d5 2. exd5 Qxd5 3. Nc3 Qa5 4. Bc4 Nf6 5. Nf3 Bf5 6. 0-0 e6 7. d4 c6 8. Bf4 Bb4 9. a3 Bxc3 10. bxc3 Qxc3 11. Bd3 Bxd3 12. cxd3 Nbd7 13. Ne5 Qxd4 14. Nxd7 Qxd7 15. Be5 Qe7 16. Rb1 b6 17. Qc2 c5 18. d4 cxd4 19. Qc6+ Qd7 20. Qxa8+ Qd8 21. Qxd8+ Kxd8 22. Bxd4 Ke7 23. Rbc1 Rd8 24. Bxf6+ Kxf6 25. Rc3 g6 26. Rh3 Kg7 27. g4 a5 28. Re1 b5 29. Re5 Rd4 30. Rxb5 Rxg4+ 31. Rg3 Ra4 32. Rgg5 Rxa3 33. Rxa5 Rf3 34. h4 h6 35. Rg2 Rc3 36. h5 g5 37. f4 f6 38. Ra7+ Kf8 39. Rd2 Rc8 40. fxg5 fxg5 41. Rf2+ Kg8 42. Rff7 Rc1+ 43. Rf1 Rc8 44. Re1 Re8 45. Ra6 e5 46. Rxh6 Kg7 47. Ra6 e4 48. h6+ Kh7 49. Rf1 Re7 50. Rf5 g4 51. Rg5 Re8 52. Rg7+ Kh8 53. Rf6 e3 54. Rf1 e2 55. Re1 g3 56. Rxg3 Kh7 57. Kf2 Rf8+ 58. Kxe2 Re8+ 59. Kf1 Rf8+ 60. Kg2 Kxh6 61. Rh1# 1-0

[Event "GER-ch U14 DEM op"]
[Site "Oberhof"]
[Date "2010.05.25"]
[Round "3"]
[White "Michalowski, Sophia"]
[Black "Diederichs, Hannah"]
[Result "1-0"]
[WhiteElo "956"]
[BlackElo "842"]
[PlyCount "59"]
[EventDate "2010.05.23"]
[EventType "swiss"]
[EventRounds "7"]
[EventCountry "GER"]
[SourceTitle "CBM 136 Extra"]
[Source "ChessBase"]
[SourceDate "2010.07.02"]
[SourceVersion "2"]
[SourceVersionDate "2010.07.15"]
[SourceQuality "1"]

1. d4 e6 2. c4 d5 3. cxd5 exd5 4. Bf4 Bd7 5. Nc3 Nf6 6. Bg5 c6 7. Nf3 Bd6 8. e3 0-0 9. Bd3 h6 10. Bh4 Be7 11. 0-0 Qc7 12. Qc2 Qd6 13. Bg3 Qe6 14. Rfe1 Bc8 15. e4 c5 16. exd5 Qd7 17. Ne5 Qd8 18. Bc4 cxd4 19. Nb5 Nbd7 20. Nxd4 Nxe5 21. Rxe5 Re8 22. Rae1 Bg4 23. Bb5 Rc8 24. Qd3 Nd7 25. Bxd7 Qxd7 26. Nb5 Bd6 27. Nxd6 Qxd6 28. Rxe8+ Rxe8 29. Rxe8+ Qf8 30. Rxf8+ 1-0

[Event "GER-ch U10"]
[Site "Willingen"]
[Date "2009.06.05"]
[Round "9"]
[White "Michalowski, Sophia"]
[Black "Reimers, Kim"]
[Result "0-1"]
[WhiteElo "951"]
[BlackElo "901"]
[PlyCount "62"]
[EventDate "2009.05.30"]
[EventType "swiss"]
[EventRounds "11"]
[EventCountry "GER"]
[SourceTitle "EXT 2010"]
[Source "ChessBase"]
[SourceDate "2010.11.25"]
[SourceVersion "1"]
[SourceVersionDate "2010.11.25"]
[SourceQuality "1"]

1. d4 d5 2. c4 c6 3. Nc3 Nf6 4. Bf4 e6 5. e3 Nbd7 6. Nf3 Qa5 7. Bd3 Bb4 8. Qc2 b6 9. g3 c5 10. 0-0 Bxc3 11. bxc3 Bb7 12. a4 0-0 13. Rab1 Bc6 14. Bd6 Rfd8 15. Bc7 Re8 16. Ne5 Nxe5 17. dxe5 Ne4 18. f3 Nxc3 19. Bxh7+ Kh8 20. Rbc1 Nxa4 21. Bd6 b5 22. cxd5 Bxd5 23. Qd1 Kxh7 24. Qc2+ Kg8 25. Qxc5 Nxc5 26. Rxc5 Rac8 27. Rxc8 Rxc8 28. e4 Qb6+ 29. Kh1 Bb7 30. Rb1 Qe3 31. Rxb5 Qe1+ 0-1

[Event "GER-ch U10"]
[Site "Willingen"]
[Date "2009.05.30"]
[Round "1"]
[White "Michalowski, Sophia"]
[Black "Fabiunke, Jakob"]
[Result "0-1"]
[WhiteElo "951"]
[BlackElo "1289"]
[PlyCount "110"]
[EventDate "2009.05.30"]
[EventType "swiss"]
[EventRounds "11"]
[EventCountry "GER"]
[SourceTitle "EXT 2010"]
[Source "ChessBase"]
[SourceDate "2010.11.25"]
[SourceVersion "1"]
[SourceVersionDate "2010.11.25"]
[SourceQuality "1"]

1. d4 d5 2. c4 e6 3. Nc3 Nf6 4. Bg5 Bb4 5. a3 Bxc3+ 6. bxc3 h6 7. Bh4 Nc6 8. e3 Qe7 9. Bd3 Qd6 10. Bg3 Qd7 11. Nf3 Ne4 12. Bh4 Nxc3 13. Qc2 dxc4 14. Qxc3 cxd3 15. Qxd3 Qd5 16. 0-0 e5 17. e4 Qe6 18. d5 Qd6 19. Qc3 Nd4 20. Nxd4 exd4 21. Qxd4 0-0 22. e5 Qb6 23. Qd3 Qa6 24. Qg3 Qg6 25. Qxg6 fxg6 26. Rac1 g5 27. Bg3 h5 28. Bh4 gxh4 29. Rxc7 Rf5 30. Re1 Kf8 31. d6 Rf7 32. Rxf7+ Kxf7 33. f4 g6 34. Rd1 Bd7 35. Rc1 Rc8 36. Rc7 Rxc7 37. dxc7 Be6 38. Kf2 Ke7 39. g3 h3 40. Kf3 Kd7 41. g4 hxg4+ 42. Kg3 Kxc7 43. a4 Kc6 44. Kf2 b5 45. axb5+ Kxb5 46. Ke2 a5 47. Kd2 Kc4 48. Kc2 g3 49. hxg3 h2 50. Kd2 h1Q 51. Ke3 Kc3 52. Kf2 Kd2 53. g4 Qh3 54. f5 Bd5 55. fxg6 Qg2# 0-1